00355nam a2200145 a 45000010005000000030009000050080041000140400028000550820017000832450012001002600037001123000014001494900024001636500022001872458CO-ViMGA141112s2004 ck r 000 u spa d aCO-ViMGAbspacCO-ViMGA04a743.836 P14710aPaisaje aBarcelona : bParramón, c1996 a95 p : il aManuales Parramón14aPAISAJES - DIBUJO